| 000 | 00743nam a2200313 a 4500 | ||
|---|---|---|---|
| 003 | AR-BaBNM | ||
| 005 | 20251128202742.0 | ||
| 008 | 082120s2002 ||||||||||||||000 | spa|| | ||
| 040 | _cAR-BaBNM | ||
| 100 | 1 | _aLe Bon, Gustavo | |
| 245 | 0 | 0 | _aLa civilización de los árabes |
| 250 | _a2ª ed. | ||
| 260 |
_aBuenos Aires _bEl Nilo _c1946 |
||
| 300 |
_a550 p. _bláms., il. |
||
| 650 | 4 | _aARTE | |
| 650 | 4 | _aISLAM | |
| 650 | 4 | _aRELIGION | |
| 650 | 4 | _aLITERATURA | |
| 650 | 4 | _aCIENCIAS NATURALES | |
| 650 | 4 | _aASTRONOMIA | |
| 650 | 4 | _aMATEMATICA | |
| 650 | 4 | _aURBANIZACION | |
| 650 | 4 | _aARQUITECTURA | |
| 650 | 4 | _aMUJERES | |
| 650 | 4 | _aCIVILIZACION | |
| 700 | 1 |
_aCarreras, Luis _etraductor |
|
| 942 | _cBK | ||
| 998 | _cmariana | ||
| 999 |
_c403 _d403 |
||